Reforma de la legislación mercantil y las normas internacionales de contabilidad (Registro nro. 159717)
[ vista simple ]
| 000 -LEADER | |
|---|---|
| fixed length control field | 01416ny a22003133n 4500 |
| 006 - FIXED-LENGTH DATA ELEMENTS--ADDITIONAL MATERIAL CHARACTERISTICS--GENERAL INFORMATION | |
| fixed length control field | m u |
| 007 - PHYSICAL DESCRIPTION FIXED FIELD--GENERAL INFORMATION | |
| fixed length control field | cr cn||||||||| |
| 008 - FIXED-LENGTH DATA ELEMENTS--GENERAL INFORMATION | |
| fixed length control field | 200807r2007 sp |||||s|||||||||||spa d |
| 022 ## - | |
| -- | 9788476988008 |
| 035 ## - | |
| -- | 2046 |
| 040 ## - CATALOGING SOURCE | |
| Original cataloging agency | FlNmELB |
| Transcribing agency | FlNmELB |
| Modifying agency | vLex |
| 050 14 - | |
| -- | K1005.4 |
| -- | G493 2007eb |
| 080 ## - | |
| -- | 347.7 |
| 090 ## - | |
| -- | 1229 |
| -- | 1229 |
| 100 1# - MAIN ENTRY--PERSONAL NAME | |
| Personal name | Ginés Castellet, Núria |
| 245 10 - TITLE STATEMENT | |
| Title | Reforma de la legislación mercantil y las normas internacionales de contabilidad |
| Medium | [Recurso electrónico] |
| Statement of responsibility, etc | Coordinado por Núria Ginés Castellet; Oriol Amat, Ana María Martínez-Pina, Santiago Mínguez, Juan Ignacio Sanz |
| 256 ## - | |
| -- | Servicio en línea |
| 260 ## - PUBLICATION, DISTRIBUTION, ETC. (IMPRINT) | |
| Place of publication, distribution, etc | Barcelona : |
| Name of publisher, distributor, etc | Bosch Editor, |
| Date of publication, distribution, etc | 2007 |
| 300 ## - PHYSICAL DESCRIPTION | |
| Extent | 7-115 p |
| 506 1# - RESTRICTIONS ON ACCESS NOTE | |
| Terms governing access | Contenido solo disponible en los productos indicados |
| Authorized users | vLex Global |
| -- | vLex Global (Academic Edition, excluding Law Schools) |
| -- | vLex Global (U.S. Academic Edition, Law Schools) |
| -- | vLex Global (U.S. Academic Edition, excluding Law Schools) |
| -- | vLex Global (Academic Edition, Law Schools) |
| 700 1# - ADDED ENTRY--PERSONAL NAME | |
| Personal name | Amat, Oriol, |
| Relator term | aut |
| 700 1# - ADDED ENTRY--PERSONAL NAME | |
| Personal name | Martínez-Pina García, Ana María, |
| Relator term | coaut. |
| 700 1# - ADDED ENTRY--PERSONAL NAME | |
| Personal name | Mínguez, Santiago, |
| Relator term | coaut. |
| 700 1# - ADDED ENTRY--PERSONAL NAME | |
| Personal name | Sanz, Juan Ignacio, |
| Relator term | coaut. |
| 740 0# - | |
| -- | vLex Libros (Servicios en línea) |
| 856 40 - LOCALIZACIÓN Y ACCESO ELECTRÓNICO | |
| Identificador Uniforme del Recurso (URI/URL) | https://app.vlex.com/#/sources/legislacion-mercantil-normas-internacionales-contabilidad-2046 |
| 942 ## - | |
| -- | RAA |
| 999 ## - | |
| -- | 159717 |
| -- | 159717 |
No hay ítems disponibles.